[Event "Koge Lang Sommer 4th"]
[Site "Koge"]
[Date "2023.07.12"]
[Round "5"]
[White "Skytte, Rasmus"]
[Black "Damm, Kasper Wilken"]
[Result "1/2-1/2"]
[WhiteElo "2351"]
[BlackElo "2159"]
[PlyCount "57"]
[EventDate "2023.07.12"]
[EventType "tourn"]
[EventRounds "9"]
[EventCountry "DEN"]
[SourceTitle "EXT 2024"]
[Source "ChessBase"]
[SourceDate "2023.10.10"]
[SourceVersion "1"]
[SourceVersionDate "2023.10.10"]
[SourceQuality "1"]

1. e4 c5 2. Nf3 Nc6 3. Bc4 e6 4. 0-0 a6 5. d4 cxd4 6. Nxd4 Qc7 7. Nxc6 bxc6 8. Re1 e5 9. a4 Nf6 10. a5 Be7 11. Nc3 0-0 12. Qd3 d6 13. Be3 Qb7 14. Bb3 Be6 15. Bb6 Bxb3 16. cxb3 Nd7 17. Na4 f5 18. exf5 d5 19. Rac1 e4 20. Qc2 Rac8 21. f3 Bg5 22. Be3 Rxf5 23. fxe4 Bxe3+ 24. Rxe3 Re5 25. Kh1 Qb4 26. Qe2 Qxa5 27. exd5 Rxe3 28. Qxe3 Qxd5 29. Qe2 1/2-1/2

[Event "DEN-ch"]
[Site "Silkeborg"]
[Date "2009.04.10"]
[Round "7"]
[White "Pedersen, Martin Rosenkilde"]
[Black "Damm, Kasper Wilken"]
[Result "1/2-1/2"]
[WhiteElo "2204"]
[BlackElo "2231"]
[PlyCount "30"]
[EventDate "2009.04.04"]
[EventType "swiss"]
[EventRounds "9"]
[EventCountry "DEN"]
[SourceTitle "CBM 129 Extra"]
[Source "ChessBase"]
[SourceDate "2009.05.05"]
[SourceVersion "2"]
[SourceVersionDate "2009.05.20"]
[SourceQuality "1"]

1. e4 c5 2. c3 Nf6 3. e5 Nd5 4. d4 cxd4 5. Nf3 e6 6. cxd4 d6 7. Bc4 Nc6 8. 0-0 Be7 9. a3 0-0 10. Re1 Bd7 11. Bd3 Rc8 12. exd6 Bxd6 13. Nc3 Nf6 14. Bc2 Ne7 15. Bg5 Bc6 1/2-1/2

[Event "DEN-ch"]
[Site "Silkeborg"]
[Date "2009.04.07"]
[Round "4"]
[White "Damm, Kasper Wilken"]
[Black "Nielsen, Nicholas"]
[Result "1-0"]
[WhiteElo "2231"]
[BlackElo "2197"]
[PlyCount "63"]
[EventDate "2009.04.04"]
[EventType "swiss"]
[EventRounds "9"]
[EventCountry "DEN"]
[SourceTitle "CBM 129 Extra"]
[Source "ChessBase"]
[SourceDate "2009.05.05"]
[SourceVersion "2"]
[SourceVersionDate "2009.05.20"]
[SourceQuality "1"]

1. e4 e5 2. Nf3 Nc6 3. d4 exd4 4. Nxd4 Bc5 5. Be3 Qf6 6. c3 Nge7 7. Bc4 Ne5 8. Be2 d5 9. f4 Ng4 10. Bxg4 Qh4+ 11. Bf2 Qxg4 12. Qxg4 Bxg4 13. e5 0-0-0 14. Nd2 Ng6 15. h3 Bd7 16. Bg3 Bxd4 17. cxd4 h5 18. 0-0 h4 19. f5 Ne7 20. f6 Nf5 21. fxg7 Rh7 22. e6 Bxe6 23. Rxf5 Bxf5 24. Be5 Rh6 25. Rf1 f6 26. Rxf5 fxe5 27. Nf3 Rg6 28. Rf7 exd4 29. Nxh4 Rg5 30. Nf3 Rg6 31. h4 Rd7 32. Rxd7 1-0

[Event "DEN-ch"]
[Site "Silkeborg"]
[Date "2009.04.05"]
[Round "2"]
[White "Damm, Kasper Wilken"]
[Black "Ochsner, Bjorn Moller"]
[Result "1/2-1/2"]
[WhiteElo "2231"]
[BlackElo "2041"]
[PlyCount "83"]
[EventDate "2009.04.04"]
[EventType "swiss"]
[EventRounds "9"]
[EventCountry "DEN"]
[SourceTitle "CBM 129 Extra"]
[Source "ChessBase"]
[SourceDate "2009.05.05"]
[SourceVersion "2"]
[SourceVersionDate "2009.05.20"]
[SourceQuality "1"]

1. e4 c5 2. c3 Nf6 3. e5 Nd5 4. g3 e6 5. Bg2 d6 6. f4 Nc6 7. Nf3 Qc7 8. Qe2 Bd7 9. 0-0 Be7 10. Na3 dxe5 11. fxe5 0-0-0 12. Kh1 f5 13. b4 g5 14. Nb5 Qb8 15. d4 a6 16. Nd6+ Bxd6 17. exd6 Nxc3 18. Qc2 cxb4 19. Bxg5 Rdf8 20. Be7 Nxe7 21. dxe7 Re8 22. a3 Qc7 23. Rfc1 Kb8 24. Ne5 Rxe7 25. axb4 Nd5 26. Bxd5 Qxc2 27. Rxc2 exd5 28. Rc5 Be6 29. Rxa6 bxa6 30. Nc6+ Kc7 31. Nxe7+ Kd6 32. Nc6 Rc8 33. Ne5 Rxc5 34. bxc5+ Kc7 35. Kg2 a5 36. Kf3 a4 37. Nd3 Kc6 38. Kf4 Kb5 39. Ke5 Bc8 40. Kxd5 a3 41. Nc1 Bb7+ 42. Kd6 1/2-1/2

[Event "DEN-ch"]
[Site "Silkeborg"]
[Date "2009.04.04"]
[Round "1"]
[White "Rasmussen, Allan Stig"]
[Black "Damm, Kasper Wilken"]
[Result "1-0"]
[WhiteElo "2501"]
[BlackElo "2231"]
[PlyCount "81"]
[EventDate "2009.04.04"]
[EventType "swiss"]
[EventRounds "9"]
[EventCountry "DEN"]
[SourceTitle "CBM 129 Extra"]
[Source "ChessBase"]
[SourceDate "2009.05.05"]
[SourceVersion "2"]
[SourceVersionDate "2009.05.20"]
[SourceQuality "1"]

1. d4 Nf6 2. g3 g6 3. Bg2 Bg7 4. e4 d6 5. Nc3 0-0 6. Nge2 c6 7. a4 Nbd7 8. h3 Re8 9. 0-0 e5 10. Be3 Qe7 11. g4 exd4 12. Bxd4 Ne5 13. f4 Nexg4 14. hxg4 Bxg4 15. Qd3 d5 16. e5 Nh5 17. Ng3 Nxg3 18. Qxg3 Bf5 19. Qf2 Qb4 20. a5 Red8 21. Rfb1 Bxc2 22. Rc1 Bd3 23. Bc5 Qb3 24. Ra3 Qc4 25. Na2 Qb5 26. Nb4 Bc4 27. b3 Bf8 28. Bxf8 Kxf8 29. Na2 Bd3 30. Rc5 d4 31. Rxb5 Bxb5 32. Bf3 Rab8 33. b4 Bc4 34. Qc2 Bd5 35. Qc5+ Kg7 36. Nc1 b6 37. axb6 axb6 38. Qe7 Bc4 39. Bxc6 d3 40. Nxd3 Bxd3 41. e6 1-0

[Event "DEN-ch"]
[Site "Aalborg"]
[Date "2007.04.07"]
[Round "8"]
[White "Damm, Kasper Wilken"]
[Black "Matthiesen, Martin"]
[Result "0-1"]
[WhiteElo "2270"]
[BlackElo "2365"]
[PlyCount "74"]
[EventDate "2007.03.31"]
[EventType "swiss"]
[EventRounds "9"]
[EventCountry "DEN"]
[SourceTitle "CBM 117 Extra"]
[Source "ChessBase"]
[SourceDate "2007.05.09"]
[SourceVersion "1"]
[SourceVersionDate "2007.05.09"]
[SourceQuality "1"]

1. c4 g6 2. Nc3 Bg7 3. e4 d6 4. Nf3 Nf6 5. d4 0-0 6. h3 e5 7. d5 Na6 8. Be3 Nc5 9. Nd2 a5 10. a3 Nh5 11. b4 axb4 12. axb4 Rxa1 13. Qxa1 Na6 14. Qa3 f5 15. Nf3 Nf6 16. Bd3 Nh5 17. Qb3 Nf4 18. Bf1 Nb8 19. Bc1 Nd7 20. g3 Nh5 21. Ng5 Ndf6 22. Bg2 f4 23. g4 Nxg4 24. Ne6 Bxe6 25. dxe6 Nxf2 26. Nd5 Qh4 27. 0-0 f3 28. Rxf2 fxg2 29. Rxf8+ Bxf8 30. c5 Qe1+ 31. Kxg2 Qxc1 32. e7 Bxe7 33. Nxe7+ Kf8 34. Qg8+ Kxe7 35. cxd6+ cxd6 36. Qxh7+ Kf6 37. Qh8+ Kf7 0-1

[Event "DEN-ch"]
[Site "Aalborg"]
[Date "2007.04.02"]
[Round "3"]
[White "Jacobsen, Bo"]
[Black "Damm, Kasper Wilken"]
[Result "1-0"]
[WhiteElo "2301"]
[BlackElo "2270"]
[PlyCount "65"]
[EventDate "2007.03.31"]
[EventType "swiss"]
[EventRounds "9"]
[EventCountry "DEN"]
[SourceTitle "CBM 117 Extra"]
[Source "ChessBase"]
[SourceDate "2007.05.09"]
[SourceVersion "1"]
[SourceVersionDate "2007.05.09"]
[SourceQuality "1"]

1. c4 g6 2. g3 Bg7 3. Bg2 e5 4. Nc3 d6 5. e3 f5 6. Nge2 c6 7. d4 Qe7 8. b4 Nh6 9. b5 0-0 10. bxc6 bxc6 11. 0-0 a5 12. Nd5 Qa7 13. dxe5 Ba6 14. Nf6+ Rxf6 15. exf6 Bxf6 16. Rb1 Nf7 17. Bb2 Bxb2 18. Rxb2 Bxc4 19. Qb1 Nd8 20. e4 f4 21. Rd1 fxg3 22. hxg3 Nd7 23. Rxd6 Ne5 24. Rd1 a4 25. Nd4 a3 26. Rbd2 Ndf7 27. Qc1 Qa6 28. Qc3 c5 29. Nf3 Nxf3+ 30. Bxf3 Re8 31. Bg2 Be2 32. Re1 Qc4 33. Qxa3 1-0

[Event "DEN-ch"]
[Site "Aalborg"]
[Date "2007.04.01"]
[Round "2"]
[White "Damm, Kasper Wilken"]
[Black "Boe, Mads"]
[Result "0-1"]
[WhiteElo "2270"]
[BlackElo "2351"]
[PlyCount "152"]
[EventDate "2007.03.31"]
[EventType "swiss"]
[EventRounds "9"]
[EventCountry "DEN"]
[SourceTitle "CBM 117 Extra"]
[Source "ChessBase"]
[SourceDate "2007.05.09"]
[SourceVersion "1"]
[SourceVersionDate "2007.05.09"]
[SourceQuality "1"]

1. c4 f5 2. g3 Nf6 3. Bg2 g6 4. Nc3 Bg7 5. e3 0-0 6. Nge2 d6 7. d3 c6 8. 0-0 e5 9. Rb1 Be6 10. Qc2 d5 11. d4 e4 12. c5 b5 13. b4 a6 14. a4 Ra7 15. Bd2 g5 16. Ra1 Rc7 17. Ra3 Bh6 18. Rfa1 Nh5 19. axb5 axb5 20. Qa2 Qd7 21. f4 exf3 22. Bxf3 Nf6 23. Ra7 Bf7 24. Rxc7 Qxc7 25. Qa7 Qc8 26. Bg2 Re8 27. Rf1 Bh5 28. Nc1 Ne4 29. Nxe4 dxe4 30. Bh3 Bf3 31. Re1 Qe6 32. Qa2 Qxa2 33. Nxa2 g4 34. Bf1 Rd8 35. Bc3 Na6 36. Nc1 Nc7 37. Nb3 Nd5 38. Bd2 Ra8 39. Na5 Ne7 40. Kf2 Kf7 41. Ra1 Bg5 42. Ra3 Ke6 43. Nc4 Rxa3 44. Nxa3 Bd1 45. Nb1 h5 46. Nc3 Bb3 47. Be2 h4 48. Kg2 h3+ 49. Kf2 Bc2 50. Bc1 Bf6 51. Bd2 Bg7 52. Bc1 Bh8 53. Bd2 Bf6 54. Bc1 Nd5 55. Nxd5 Kxd5 56. Bd2 Bd3 57. Bd1 Kc4 58. Be1 f4 59. Bxg4 fxe3+ 60. Kg1 Kb3 61. d5 cxd5 62. c6 Bd8 63. Bxh3 d4 64. Bf5 Bc4 65. Bxe4 d3 66. Bxd3 Bxd3 67. g4 Be4 68. Kf1 Bf3 69. h3 Kc4 70. Bg3 Bxc6 71. Ke2 Bb6 72. Bd6 Kd5 73. Be7 Ke4 74. g5 Be8 75. h4 Bh5+ 76. Ke1 Bc7 0-1

[Event "DEN-ch cand"]
[Site "Aalborg"]
[Date "2006.04.15"]
[Round "5"]
[White "Olsen, Peter Erik"]
[Black "Damm, Kasper Wilken"]
[Result "1-0"]
[WhiteElo "2212"]
[BlackElo "2268"]
[PlyCount "77"]
[EventDate "2006.04.11"]
[EventType "swiss"]
[EventRounds "7"]
[EventCountry "DEN"]
[SourceTitle "EXT 2018"]
[Source "ChessBase"]
[SourceDate "2017.10.13"]
[SourceVersion "1"]
[SourceVersionDate "2017.10.13"]
[SourceQuality "1"]

1. d4 Nf6 2. c4 g6 3. Nc3 Bg7 4. e4 d6 5. Bg5 c5 6. d5 h6 7. Bh4 Qa5 8. Qd2 g5 9. Bg3 Nh5 10. Bd3 Nd7 11. Nge2 Ne5 12. Rc1 a6 13. 0-0 Bd7 14. a3 b5 15. b4 Qxa3 16. Bxe5 Bxe5 17. Ra1 Qxb4 18. Rfb1 Nf4 19. Rxb4 cxb4 20. Nxb5 Nxe2+ 21. Bxe2 Bxb5 22. Rc1 Bc3 23. Rxc3 bxc3 24. Qxc3 0-0 25. cxb5 axb5 26. h4 Rab8 27. Qb4 Rfc8 28. hxg5 hxg5 29. e5 Rc5 30. Qg4 Rxd5 31. Qxg5+ Kf8 32. Qh4 Kg7 33. Qg5+ Kf8 34. Qh6+ Kg8 35. e6 Rf5 36. Bd3 fxe6 37. Qxe6+ Rf7 38. Bg6 Rbf8 39. Qd5 1-0

[Event "DEN-ch cand"]
[Site "Aalborg"]
[Date "2006.04.11"]
[Round "1"]
[White "Hjorth, Torben"]
[Black "Damm, Kasper Wilken"]
[Result "1/2-1/2"]
[WhiteElo "2161"]
[BlackElo "2268"]
[PlyCount "99"]
[EventDate "2006.04.11"]
[EventType "swiss"]
[EventRounds "7"]
[EventCountry "DEN"]
[SourceTitle "EXT 2018"]
[Source "ChessBase"]
[SourceDate "2017.10.13"]
[SourceVersion "1"]
[SourceVersionDate "2017.10.13"]
[SourceQuality "1"]

1. e4 c5 2. Nf3 Nc6 3. d4 cxd4 4. Nxd4 Nf6 5. Nc3 e5 6. Ndb5 d6 7. Nd5 Nxd5 8. exd5 Nb8 9. c4 Be7 10. Be2 0-0 11. 0-0 a6 12. Nc3 Nd7 13. Be3 f5 14. f3 Kh8 15. Qd2 b6 16. b4 Rb8 17. Rac1 Qe8 18. c5 bxc5 19. bxc5 Nxc5 20. Bxc5 dxc5 21. d6 Bd8 22. Rfd1 Qd7 23. Qd5 Bg5 24. Rb1 Bb7 25. Qxc5 Rbc8 26. Qa7 Rf7 27. Nd5 Bxd5 28. Qxd7 Be3+ 29. Kf1 Rxd7 30. Rxd5 h6 31. Rxe5 f4 32. Rd1 g5 33. Bxa6 Rc6 34. Re8+ Kg7 35. Re7+ Rxe7 36. dxe7 Re6 37. Rd7 Kf6 38. Bc4 Rxe7 39. Rxe7 Kxe7 40. Ke2 Kd6 41. Kd3 Ke5 42. Bf7 Bg1 43. h3 Bf2 44. Kc4 Be1 45. a4 Bd2 46. Kb5 Kd6 47. Kb6 Be3+ 48. Kb7 Bd2 49. Kb6 Be3+ 50. Kb7 1/2-1/2

[Event "Farum HK-ch"]
[Site "Farum"]
[Date "2005.10.21"]
[Round "6"]
[White "Scherwin, Claes"]
[Black "Damm, Kasper Wilken"]
[Result "0-1"]
[WhiteElo "1618"]
[BlackElo "2261"]
[PlyCount "44"]
[EventDate "2005.10.16"]
[EventType "swiss"]
[EventRounds "6"]
[EventCountry "DEN"]
[SourceTitle "EXT 2018"]
[Source "ChessBase"]
[SourceDate "2017.10.13"]
[SourceVersion "1"]
[SourceVersionDate "2017.10.13"]
[SourceQuality "1"]

1. d4 Nf6 2. Bg5 g6 3. Bxf6 exf6 4. e3 c6 5. c3 Qb6 6. Qb3 d5 7. Bd3 Na6 8. Nd2 Nc7 9. Ne2 Bh6 10. Ng3 f5 11. a4 Qxb3 12. Nxb3 Ne6 13. Ne2 f4 14. e4 dxe4 15. Bxe4 Ng5 16. f3 Nxe4 17. fxe4 0-0 18. 0-0 Re8 19. e5 f6 20. Nxf4 fxe5 21. Rae1 Bxf4 22. Rxf4 Be6 0-1

[Event "Farum HK-ch"]
[Site "Farum"]
[Date "2005.10.16"]
[Round "1"]
[White "Damm, Kasper Wilken"]
[Black "Bostrup, Thomas"]
[Result "1-0"]
[WhiteElo "2261"]
[BlackElo "1721"]
[PlyCount "39"]
[EventDate "2005.10.16"]
[EventType "swiss"]
[EventRounds "6"]
[EventCountry "DEN"]
[SourceTitle "EXT 2018"]
[Source "ChessBase"]
[SourceDate "2017.10.13"]
[SourceVersion "1"]
[SourceVersionDate "2017.10.13"]
[SourceQuality "1"]

1. e4 d6 2. d4 Nf6 3. Bd3 g6 4. Ne2 Bg7 5. 0-0 0-0 6. f4 c5 7. c3 Bd7 8. a4 Na6 9. e5 Nd5 10. Bxa6 bxa6 11. dxc5 Bc6 12. Nd4 Bb7 13. c6 Bxc6 14. Nxc6 Qb6+ 15. Nd4 dxe5 16. fxe5 Bxe5 17. Na3 Bg7 18. Nc4 Qc5 19. Ne3 Rad8 20. Qf3 1-0

[Event "Barkhuus Memorial"]
[Site "Vanlose"]
[Date "2005.08.03"]
[Round "7"]
[White "Petersen, Steen"]
[Black "Damm, Kasper Wilken"]
[Result "0-1"]
[WhiteElo "2064"]
[BlackElo "2199"]
[PlyCount "70"]
[EventDate "2005.07.27"]
[EventType "swiss"]
[EventRounds "7"]
[EventCountry "DEN"]
[SourceTitle "CBM 107 Extra"]
[Source "ChessBase"]
[SourceDate "2005.09.01"]
[SourceVersion "1"]
[SourceVersionDate "2005.09.01"]
[SourceQuality "1"]

1. e4 c5 2. Nf3 Nc6 3. Nc3 g6 4. d4 cxd4 5. Nxd4 Bg7 6. Be3 Nf6 7. Bc4 0-0 8. f3 a6 9. Bb3 b5 10. Qd2 Bb7 11. 0-0-0 Ne5 12. Kb1 Rc8 13. h4 Nc4 14. Bxc4 Rxc4 15. h5 e5 16. Nf5 Rxc3 17. bxc3 gxf5 18. h6 Nxe4 19. fxe4 Bf6 20. exf5 d5 21. Rh5 Kh8 22. Bg5 Rg8 23. Bxf6+ Qxf6 24. Qe3 b4 25. Re1 bxc3 26. Qxe5 Qxe5 27. Rxe5 d4 28. Re7 Bxg2 29. Rxf7 Bf3 30. Rg7 Bxh5 31. f6 Bf7 32. a3 Rxg7 33. fxg7+ Kg8 34. Kc1 Bc4 35. Kd1 Kf7 0-1

[Event "Barkhuus Memorial"]
[Site "Vanlose"]
[Date "2005.08.02"]
[Round "6"]
[White "Damm, Kasper Wilken"]
[Black "Hassan, Omar Elsayed"]
[Result "1-0"]
[WhiteElo "2199"]
[BlackElo "2198"]
[PlyCount "133"]
[EventDate "2005.07.27"]
[EventType "swiss"]
[EventRounds "7"]
[EventCountry "DEN"]
[SourceTitle "CBM 107 Extra"]
[Source "ChessBase"]
[SourceDate "2005.09.01"]
[SourceVersion "1"]
[SourceVersionDate "2005.09.01"]
[SourceQuality "1"]

1. e4 c5 2. Nf3 d6 3. d4 cxd4 4. Nxd4 Nf6 5. Nc3 a6 6. f4 Qc7 7. Bd3 g6 8. Nf3 Bg7 9. 0-0 Nbd7 10. Qe1 0-0 11. Qh4 b5 12. f5 Bb7 13. Bh6 Rae8 14. fxg6 hxg6 15. Ng5 e6 16. Ne2 d5 17. Ng3 Qe5 18. Nf3 Qxb2 19. e5 Nxe5 20. Nxe5 Qxe5 21. Rae1 Ne4 22. Bf4 Qd4+ 23. Be3 Qa4 24. Bxe4 dxe4 25. Rf6 Qxc2 26. Ref1 Qc3 27. Qg5 Bxf6 28. Rxf6 Rd8 29. Nh5 Rd1+ 30. Rf1 Rfd8 31. Nf6+ Kf8 32. Bc5+ Kg7 33. Nh5+ Kh8 34. Ng3 R8d5 35. Qh6+ Kg8 36. Qf8+ Kh7 37. Qxf7+ Qg7 38. Qf2 Rxf1+ 39. Nxf1 Qc7 40. Be3 Rf5 41. Qh4+ Rh5 42. Qf6 Qe5 43. Qf2 Bd5 44. g4 Rh3 45. Bd4 Qc7 46. Qf6 Kh6 47. Qh8+ Qh7 48. Be3+ Rxe3 49. g5+ Kxg5 50. Qxh7 Re2 51. h4+ Kf6 52. Qh6 Bc4 53. Ne3 Rxa2 54. h5 Ke5 55. Nxc4+ bxc4 56. hxg6 Ra1+ 57. Kf2 Ra2+ 58. Kg3 Ra3+ 59. Kg4 Ra2 60. g7 Rg2+ 61. Kh3 Rg1 62. Kh2 Rg4 63. Qh5+ Kf4 64. Qxg4+ Kxg4 65. Kg2 e3 66. g8Q+ Kf4 67. Qxe6 1-0

[Event "Barkhuus Memorial"]
[Site "Vanlose"]
[Date "2005.08.01"]
[Round "5"]
[White "Damm, Kasper Wilken"]
[Black "Fredericia, Louise Winther"]
[Result "1-0"]
[WhiteElo "2199"]
[BlackElo "1994"]
[PlyCount "99"]
[EventDate "2005.07.27"]
[EventType "swiss"]
[EventRounds "7"]
[EventCountry "DEN"]
[SourceTitle "CBM 107 Extra"]
[Source "ChessBase"]
[SourceDate "2005.09.01"]
[SourceVersion "1"]
[SourceVersionDate "2005.09.01"]
[SourceQuality "1"]

1. e4 c6 2. c4 d5 3. exd5 cxd5 4. cxd5 Nf6 5. Nc3 Nxd5 6. Bc4 Nb6 7. Bb3 Nc6 8. Nf3 e6 9. 0-0 Be7 10. d4 0-0 11. Be3 Nd5 12. Rc1 Nxc3 13. bxc3 b6 14. Qd3 Bf6 15. Nd2 g6 16. Ne4 Bg7 17. Bg5 f6 18. Bd2 Kh8 19. Ng3 Na5 20. Bc2 Qd5 21. Ne2 e5 22. dxe5 Qxd3 23. Bxd3 fxe5 24. Be4 Bb7 25. Bxb7 Nxb7 26. Ng3 Nc5 27. Be3 Ne6 28. f3 Rfd8 29. Rfd1 Bf8 30. Kf1 Kg8 31. Ne4 Be7 32. Ke2 Nf4+ 33. Bxf4 exf4 34. Rb1 Kf7 35. Rb5 Rxd1 36. Kxd1 Rd8+ 37. Kc2 Ke6 38. a4 Rd5 39. c4 Rxb5 40. axb5 h6 41. Kc3 Bf8 42. Kd3 Bg7 43. Nd2 Kf5 44. Nb3 g5 45. c5 bxc5 46. Kc4 h5 47. Na5 g4 48. Nc6 h4 49. h3 gxf3 50. gxf3 1-0

[Event "North Sea Cup 20th"]
[Site "Esbjerg"]
[Date "2005.07.04"]
[Round "4"]
[White "Kragh, Niels Kristian"]
[Black "Damm, Kasper Wilken"]
[Result "1-0"]
[WhiteElo "2049"]
[BlackElo "2252"]
[PlyCount "87"]
[EventDate "2005.07.02"]
[EventType "swiss"]
[EventRounds "9"]
[EventCountry "DEN"]
[SourceTitle "CBM 107 Extra"]
[Source "ChessBase"]
[SourceDate "2005.09.01"]
[SourceVersion "1"]
[SourceVersionDate "2005.09.01"]
[SourceQuality "1"]

1. e4 c5 2. Nf3 Nc6 3. Nc3 e5 4. Bc4 d6 5. d3 Be7 6. Nd2 Nf6 7. Nf1 Bg4 8. f3 Bd7 9. Ne3 Nd4 10. a4 Nh5 11. 0-0 Nf4 12. Ned5 Bg5 13. Nxf4 Bxf4 14. Bxf4 exf4 15. Nd5 Ne6 16. Qd2 Qh4 17. c3 0-0 18. b3 Rad8 19. Qf2 Qg5 20. g4 fxg3 21. hxg3 Rfe8 22. f4 Qh5 23. Kg2 Nf8 24. Rh1 Qg6 25. f5 Qg5 26. f6 Be6 27. Raf1 Bxd5 28. Bxd5 Qxf6 29. Bxf7+ Kxf7 30. Qe2 Re6 31. Rxf6+ Rxf6 32. Rf1 Ng6 33. Qh5 b6 34. Qd5+ Ke7 35. Qh5 Nf8 36. Rxf6 gxf6 37. d4 Rd7 38. a5 Kd8 39. Qd5 Kc7 40. Qa8 Ne6 41. Qxa7+ Kc8 42. Qxb6 cxd4 43. cxd4 Ng5 44. a6 1-0

[Event "DEN-ch cand"]
[Site "Koge"]
[Date "2005.03.28"]
[Round "7"]
[White "Damm, Kasper Wilken"]
[Black "Rossen, Claus"]
[Result "1-0"]
[WhiteElo "2242"]
[BlackElo "2172"]
[PlyCount "59"]
[EventDate "2005.03.22"]
[EventType "swiss"]
[EventRounds "7"]
[EventCountry "DEN"]
[SourceTitle "EXT 2018"]
[Source "ChessBase"]
[SourceDate "2017.10.13"]
[SourceVersion "1"]
[SourceVersionDate "2017.10.13"]
[SourceQuality "1"]

1. e4 e5 2. Nc3 Nf6 3. g3 Bc5 4. Bg2 Nc6 5. Nf3 d6 6. d3 a6 7. Bg5 h6 8. Be3 Nd4 9. Bxd4 exd4 10. Ne2 c6 11. 0-0 Bg4 12. Qd2 Bxf3 13. Bxf3 0-0 14. c4 dxc3 15. bxc3 Re8 16. Rae1 b5 17. Nf4 Rc8 18. Bd1 a5 19. Bc2 b4 20. Re2 bxc3 21. Qxc3 Qb6 22. Rb1 Qa7 23. Ba4 Ng4 24. Rf1 Bd4 25. Qc2 Re5 26. Qc4 Rg5 27. Ne6 Rc5 28. Qxd4 fxe6 29. Qxd6 Ne5 30. Qxe6+ 1-0

[Event "DEN-ch cand"]
[Site "Koge"]
[Date "2005.03.25"]
[Round "4"]
[White "Matthiesen, Arne"]
[Black "Damm, Kasper Wilken"]
[Result "1-0"]
[WhiteElo "2338"]
[BlackElo "2242"]
[PlyCount "59"]
[EventDate "2005.03.22"]
[EventType "swiss"]
[EventRounds "7"]
[EventCountry "DEN"]
[SourceTitle "EXT 2018"]
[Source "ChessBase"]
[SourceDate "2017.10.13"]
[SourceVersion "1"]
[SourceVersionDate "2017.10.13"]
[SourceQuality "1"]

1. d4 g6 2. e4 Bg7 3. Nc3 c5 4. Nf3 cxd4 5. Nxd4 Nc6 6. Be3 d6 7. Qd2 Bd7 8. 0-0-0 a6 9. f3 b5 10. g4 Ne5 11. h4 h5 12. g5 e6 13. f4 Ng4 14. f5 Nxe3 15. Qxe3 e5 16. Nb3 gxf5 17. Rxd6 Qc7 18. Qc5 Qxc5 19. Nxc5 Bf8 20. Rd5 Bc6 21. Rxe5+ Ne7 22. Nd5 Ra7 23. Bh3 Bg7 24. Nf6+ Kf8 25. Rd1 Ra8 26. exf5 Bxf6 27. gxf6 Ng8 28. Rd6 Rc8 29. Rxc6 Rxc6 30. Nd7# 1-0

[Event "DEN-ch cand"]
[Site "Koge"]
[Date "2005.03.22"]
[Round "1"]
[White "Damm, Kasper Wilken"]
[Black "Pedersen, Daniel Vesterbaek"]
[Result "0-1"]
[WhiteElo "2242"]
[BlackElo "2358"]
[PlyCount "48"]
[EventDate "2005.03.22"]
[EventType "swiss"]
[EventRounds "7"]
[EventCountry "DEN"]
[SourceTitle "EXT 2018"]
[Source "ChessBase"]
[SourceDate "2017.10.13"]
[SourceVersion "1"]
[SourceVersionDate "2017.10.13"]
[SourceQuality "1"]

1. c4 Nf6 2. e4 e5 3. Nc3 Bc5 4. g3 a5 5. Bg2 d6 6. Nge2 Nc6 7. 0-0 h5 8. Nb5 h4 9. d4 exd4 10. Nexd4 hxg3 11. hxg3 Bg4 12. Qa4 Qd7 13. Nxc6 bxc6 14. e5 Bf3 15. Nxc7+ Kf8 16. e6 Bxg2 17. Kxg2 Qxc7 18. Bg5 fxe6 19. b4 Bxb4 20. Bxf6 gxf6 21. Qc2 Qh7 22. Rh1 Qxc2 23. Rxh8+ Kg7 24. Rxa8 Bc5 0-1

[Event "DEN-ch KO"]
[Site "Koge"]
[Date "2005.03.20"]
[Round "1.1"]
[White "Hutters, Tomas"]
[Black "Damm, Kasper Wilken"]
[Result "1-0"]
[WhiteElo "2445"]
[BlackElo "2242"]
[PlyCount "81"]
[EventDate "2005.03.20"]
[EventType "k.o."]
[EventRounds "4"]
[EventCountry "DEN"]
[SourceTitle "CBM 105 Extra"]
[Source "ChessBase"]
[SourceDate "2005.05.01"]
[SourceVersion "1"]
[SourceVersionDate "2005.05.01"]
[SourceQuality "1"]

1. d4 Nf6 2. c4 g6 3. Nc3 Bg7 4. e4 d6 5. Nf3 0-0 6. h3 c5 7. d5 a6 8. a4 e6 9. Bd3 exd5 10. cxd5 Re8 11. 0-0 Nbd7 12. Bf4 Qc7 13. Re1 Rb8 14. Rc1 Nh5 15. Bh2 Ne5 16. Be2 Nf6 17. Nxe5 dxe5 18. Qd2 h5 19. Bc4 Bf8 20. f4 Nd7 21. f5 Qd6 22. Rf1 Bg7 23. g4 hxg4 24. hxg4 g5 25. Kg2 f6 26. Bg1 Bf8 27. Be3 Re7 28. Rh1 Rg7 29. Kf3 b6 30. Qe2 Ra8 31. Nb1 b5 32. axb5 axb5 33. Bxb5 Ba6 34. Na3 Bxb5 35. Nxb5 Qb8 36. d6 Ra4 37. Qd1 Rd4 38. Qb3+ c4 39. Rxc4 Rxc4 40. Qxc4+ Rf7 41. Qd5 1-0

[Event "Farum 61 years op"]
[Site "Farum"]
[Date "2004.10.16"]
[Round "7"]
[White "Damm, Kasper Wilken"]
[Black "Pedersen, Henrik Bolding"]
[Result "1/2-1/2"]
[WhiteElo "2238"]
[BlackElo "2235"]
[PlyCount "56"]
[EventDate "2004.10.10"]
[EventType "swiss"]
[EventRounds "7"]
[EventCountry "DEN"]
[SourceTitle "EXT 2018"]
[Source "ChessBase"]
[SourceDate "2017.10.13"]
[SourceVersion "1"]
[SourceVersionDate "2017.10.13"]
[SourceQuality "1"]

1. c4 c5 2. g3 g6 3. Bg2 Bg7 4. Nc3 Nc6 5. d3 d6 6. e3 e5 7. Nge2 Nge7 8. 0-0 0-0 9. a3 a5 10. Rb1 Rb8 11. Bd2 Be6 12. Nd5 b5 13. Nxe7+ Nxe7 14. cxb5 Rxb5 15. b4 axb4 16. axb4 cxb4 17. Rxb4 Qb8 18. Qa4 Rxb4 19. Bxb4 Bd5 20. e4 Bc6 21. Qa3 Rd8 22. Nc3 Bf8 23. Rb1 Qa8 24. Qxa8 Bxa8 25. Ba5 Rc8 26. Bh3 f5 27. g4 Nc6 28. Bb6 Nd4 1/2-1/2

[Event "Farum 61 years op"]
[Site "Farum"]
[Date "2004.10.15"]
[Round "6"]
[White "Hove, Esben Kjems"]
[Black "Damm, Kasper Wilken"]
[Result "1/2-1/2"]
[WhiteElo "2300"]
[BlackElo "2238"]
[PlyCount "37"]
[EventDate "2004.10.10"]
[EventType "swiss"]
[EventRounds "7"]
[EventCountry "DEN"]
[SourceTitle "EXT 2018"]
[Source "ChessBase"]
[SourceDate "2017.10.13"]
[SourceVersion "1"]
[SourceVersionDate "2017.10.13"]
[SourceQuality "1"]

1. d4 Nf6 2. Nf3 c5 3. c3 cxd4 4. cxd4 g6 5. Nc3 Bg7 6. Bf4 0-0 7. e3 d6 8. Be2 a6 9. 0-0 b5 10. b4 Nbd7 11. a4 bxa4 12. Qxa4 Nb6 13. Qa5 Bb7 14. Bg5 Re8 15. Bxf6 Bxf6 16. Na4 Nd5 17. Bc4 e6 18. Qxd8 Bxd8 19. b5 1/2-1/2